| 000 | 00450nam a2200133Ia 4500 | ||
|---|---|---|---|
| 008 | 250110s9999 xx 000 0 und d | ||
| 041 | _aeng | ||
| 100 |
_aChavan Ruchita _9184148 |
||
| 245 | _aLandscape Planni ng Proposal For Mangal Graha Temple And Its Surroundings At Amlner Jalgaon | ||
| 260 |
_bBNCA M.Arch. Landscape Architecture _c2020 |
||
| 300 | _a96p | ||
| 500 | _aLandscape Architeture | ||
| 700 |
_aGuide Name:Shivram Somasrabudhe _9211009 |
||
| 999 |
_c364713 _d364713 |
||